Personnages des Simpson de A à Z en images - Statistiques

Statistiques générales
  • Ce quiz a été pris 174 fois
  • Le résultat moyen est 15 sur 24
Statistiques - réponses
Par images Hint Réponse % Correct
L Lisa Simpson
95%
K Krusty le clown
93%
M Moe Szyslak
92%
N Ned Flanders
88%
B Barney Gumble
87%
I Itchy
85%
R Ralph Wiggum
85%
E Edna Krapabel
83%
O Otto
82%
P Petit Papa Noël
81%
V (nom de famille) Milhouse Van Houten
70%
Q (nom de famille) Joe Quimby
65%
C Cletus Spuckler
63%
D Disco Stu
58%
A Agnes Skinner
50%
H Helen Lovejoy
46%
F Frank Grimes
41%
G Gil
40%
T Troy McClure
37%
W Waylon Smithers
36%
J Julius Hibbert
35%
Z (nom de famille) Artie Ziff
34%
U Uter
18%
S Shauna Chalmers
17%
Aucun quiz correspondant
Distribution des résultats
% des personnes avec chaque résultat
Percentile par nombre de réponses
Votre historique - résultats
Vous n’avez pas pris ce quiz